[Event "Porlamar FVA 1st"]
[Site "Porlamar"]
[Date "2014.02.23"]
[Round "6.5"]
[White "Yepez Moreno, Juliet Carolina"]
[Black "Garcia Fernandez, Jesus Manuel"]
[Result "0-1"]
[WhiteElo "1405"]
[BlackElo "2046"]
[PlyCount "80"]
[EventDate "2014.02.21"]
[EventType "swiss"]
[EventRounds "7"]
[EventCountry "VEN"]
[SourceTitle "EXT 2022"]
[Source "ChessBase"]
[SourceDate "2021.10.06"]
[SourceVersion "1"]
[SourceVersionDate "2021.10.06"]
[SourceQuality "1"]

1. e4 e6 2. d4 d5 3. e5 c5 4. c3 Nc6 5. Nf3 Qb6 6. Be2 cxd4 7. cxd4 Nge7 8. Nc3 Nf5 9. Bb5 Bd7 10. a3 Nfxd4 11. Nxd4 Qxd4 12. Qxd4 Nxd4 13. Bxd7+ Kxd7 14. 0-0 Rc8 15. Be3 Nc2 16. Rac1 Nxe3 17. fxe3 f6 18. exf6 gxf6 19. Rxf6 Bc5 20. Re1 Rhf8 21. Rxf8 Rxf8 22. b4 Be7 23. Rd1 Rc8 24. Rd3 Bf6 25. Ne4 Rc1+ 26. Kf2 Rc2+ 27. Kf3 Be7 28. h3 Kc6 29. Nc3 Bf6 30. Ne2 e5 31. Kf2 e4 32. Rd1 Ra2 33. g4 Rxa3 34. Nf4 d4 35. Ng2 Ra2+ 36. Kf1 d3 37. Nf4 Bc3 38. h4 Bxb4 39. g5 Rh2 40. Kg1 Rxh4 0-1

[Event "Porlamar FVA 1st"]
[Site "Porlamar"]
[Date "2014.02.22"]
[Round "4.5"]
[White "Ramos Castro, Luis Asdrubal"]
[Black "Garcia Fernandez, Jesus Manuel"]
[Result "0-1"]
[WhiteElo "1559"]
[BlackElo "2046"]
[PlyCount "54"]
[EventDate "2014.02.21"]
[EventType "swiss"]
[EventRounds "7"]
[EventCountry "VEN"]
[SourceTitle "EXT 2022"]
[Source "ChessBase"]
[SourceDate "2021.10.06"]
[SourceVersion "1"]
[SourceVersionDate "2021.10.06"]
[SourceQuality "1"]

1. e4 e6 2. d4 d5 3. e5 c5 4. c3 Nc6 5. Nf3 Qb6 6. Bd3 Bd7 7. Bc2 Rc8 8. 0-0 cxd4 9. cxd4 Nb4 10. Nc3 Nxc2 11. Qxc2 Ne7 12. Be3 Nf5 13. Rfb1 Be7 14. Qd3 0-0 15. g4 Nxe3 16. Qxe3 Rc4 17. b3 Rc7 18. Rc1 Ba3 19. Rc2 Rfc8 20. Na4 Bxa4 21. Rxc7 Rxc7 22. bxa4 Qb2 23. Qe1 Rc2 24. Qb1 Qc3 25. Ne1 Rc1 26. Qb3 Qxb3 27. Rxc1 Qxa4 0-1